<?xml version="1.0" encoding="UTF-8"?><?xml-stylesheet type="text/xsl" href="static/style.xsl"?><OAI-PMH xmlns="http://www.openarchives.org/OAI/2.0/" xmlns:xsi="http://www.w3.org/2001/XMLSchema-instance" xsi:schemaLocation="http://www.openarchives.org/OAI/2.0/ http://www.openarchives.org/OAI/2.0/OAI-PMH.xsd"><responseDate>2026-04-18T06:31:02Z</responseDate><request verb="GetRecord" identifier="oai:www.recercat.cat:20.500.12694/7173" metadataPrefix="marc">https://recercat.cat/oai/request</request><GetRecord><record><header><identifier>oai:recercat.cat:20.500.12694/7173</identifier><datestamp>2025-12-18T12:08:52Z</datestamp><setSpec>com_2072_179042</setSpec><setSpec>col_2072_484474</setSpec></header><metadata><record xmlns="http://www.loc.gov/MARC21/slim" xmlns:dcterms="http://purl.org/dc/terms/" xmlns:xsi="http://www.w3.org/2001/XMLSchema-instance" xmlns:doc="http://www.lyncode.com/xoai" xsi:schemaLocation="http://www.loc.gov/MARC21/slim http://www.loc.gov/standards/marcxml/schema/MARC21slim.xsd">
   <leader>00925njm 22002777a 4500</leader>
   <datafield ind2=" " ind1=" " tag="042">
      <subfield code="a">dc</subfield>
   </datafield>
   <datafield ind2=" " ind1=" " tag="720">
      <subfield code="a">Beriso Ros, Pedro Manuel</subfield>
      <subfield code="e">author</subfield>
   </datafield>
   <datafield ind2=" " ind1=" " tag="260">
      <subfield code="c">2011-12-20</subfield>
   </datafield>
   <datafield ind2=" " ind1=" " tag="520">
      <subfield code="a">La Quarta Simfonia de Robert Schumann ha estat una obra clau del repertori orquestral des de la seva triomfal estrena l'any 1853, considerant-se una de les millors creacions del compositor. No obstant, no és conegut el fet que aquesta simfonia és, en realitat, la revisió d'una obra de joventut que es va estrenar sense èxit deu anys abans, essent Johannes Brahms qui, a finals del segle XIX, va defensar la major qualitat de la primera versió intentant reviure-la, trobant l'oposició de Clara Schumann. Per tant, intentaré en aquest Projecte Final estudiar en profunditat les dues versions, analitzant les seves diferències i plantejant una hipòtesi sobre el motiu de la revisió de l'autor, presentant ambdues versions al concert on culmina aquest estudi.</subfield>
   </datafield>
   <datafield ind2=" " ind1=" " tag="520">
      <subfield code="a">La Cuarta Sinfonía de Robert Schumann ha sido una obra clave del repertorio orquestal desde su triunfal estreno en 1853, considerándose una de las mejores creaciones del compositor. Sin embargo, no es conocido el hecho de que esta sinfonía es, en realidad, la revisión de una obra de juventud que se estrenó sin éxito diez años antes, siendo Johannes Brahms quien, a finales del siglo XIX, defendió la mayor calidad de la primera versión intentando revivirla, encontrando la oposición de Clara Schumann. Por lo tanto, intentaré en este Proyecto Final estudiar en profundidad las dos versiones, analizando sus diferencias y planteando una hipótesis sobre el motivo de la revisión del autor, presentando ambas versiones en el concierto en el que culmina este estudio.</subfield>
   </datafield>
   <datafield ind2=" " ind1=" " tag="520">
      <subfield code="a">Robert Schumann's 4th Symphony has been a keystone of the orchestral repertoire ever since its triumphal premiere in 1853, and is considered one of his best creations. However, what is not so well known is that this symphony is actually a revision of a prior work from his youth that had its unsuccessful premiere ten years earlier. It was Johannes Brahms who defended the higher level of the first version at the end of the nineteenth century, trying to revive it and facing the opposition of Clara Schumann. Therefore, I will try, in this paper, to study both versions in depth, analyzing their differences and presenting a hypothesis regarding the reasons for the revisions by the composer. I will perform both versions in the concert in which this research culminates.</subfield>
   </datafield>
   <datafield ind1="8" ind2=" " tag="024">
      <subfield code="a">http://hdl.handle.net/20.500.12694/7173</subfield>
   </datafield>
   <datafield tag="653" ind2=" " ind1=" ">
      <subfield code="a">TFG Direcció</subfield>
   </datafield>
   <datafield tag="653" ind2=" " ind1=" ">
      <subfield code="a">Schumann, Robert, 1810-1856. Simfonies, núm. 4, op. 120, re menor</subfield>
   </datafield>
   <datafield tag="653" ind2=" " ind1=" ">
      <subfield code="a">Schumann, Robert, 1810-1856--Crítica i interpretació</subfield>
   </datafield>
   <datafield tag="653" ind2=" " ind1=" ">
      <subfield code="a">Simfonies--Anàlisi i apreciació</subfield>
   </datafield>
   <datafield tag="653" ind2=" " ind1=" ">
      <subfield code="a">Música--Alemanya--S. XIX</subfield>
   </datafield>
   <datafield ind2="0" ind1="0" tag="245">
      <subfield code="a">Las dos versiones de la Cuarta Sinfonía de Robert Schumann: primer caso de revisión de una sinfonía por parte del propio compositor</subfield>
   </datafield>
</record></metadata></record></GetRecord></OAI-PMH>